Toward a harmonious society of freedom & order
保存先:
| 第一著者: | |
|---|---|
| フォーマット: | 図書 |
| 言語: | Undetermined |
| 出版事項: |
Tokyo
Japan Committee for Economic Development
1970
|
| 主題: | |
| タグ: |
タグ追加
タグなし, このレコードへの初めてのタグを付けませんか!
|
| Thư viện lưu trữ: | Trung tâm Học liệu Trường Đại học Cần Thơ |
|---|
| LEADER | 00488nam a2200169Ia 4500 | ||
|---|---|---|---|
| 001 | CTU_77785 | ||
| 008 | 210402s9999 xx 000 0 und d | ||
| 082 | |a 330.9 | ||
| 082 | |b D754 | ||
| 100 | |a Keizai, Doyukai | ||
| 245 | 0 | |a Toward a harmonious society of freedom & order | |
| 245 | 0 | |c Keizai Doyukai | |
| 260 | |a Tokyo | ||
| 260 | |b Japan Committee for Economic Development | ||
| 260 | |c 1970 | ||
| 650 | |a Economic condition | ||
| 980 | |a Trung tâm Học liệu Trường Đại học Cần Thơ | ||